000 00467nam a2200181Ia 4500
001 23924
005 20260414151009.0
008 260414t2010||||xx |||||||||||||| ||spa||
041 _aESP
082 _a720.9854
_bM95
110 _aMunicipalidad Provincial de Arequipa
245 0 _a10 años Arequipa :
_bpatrimonio cultural de la humanidad
260 _c2010
300 _a85 páginas :
_c25 cm.
650 _aABD
654 _aCAU
942 _cLIB
_dJUS
_fJUS
_2ddc
_n
999 _c23924
_d23924